Managing Income Tax Compliance through Self-Assessment /

Modern tax administrations seek to optimize tax collections while minimizing administration costs and taxpayer compliance costs. Experience shows that voluntary compliance is best achieved through a system of self-assessment. Many tax administrations have introduced self-assessment principles in the...

全面介紹

書目詳細資料
主要作者: Okello, Andrew
格式: 雜誌
語言:English
出版: Washington, D.C. : International Monetary Fund, 2014.
叢編:IMF Working Papers; Working Paper ; No. 2014/041
在線閱讀:Full text available on IMF
LEADER 01765cas a2200241 a 4500
001 AALejournalIMF014285
008 230101c9999 xx r poo 0 0eng d
020 |c 5.00 USD 
020 |z 9781475515237 
022 |a 1018-5941 
040 |a BD-DhAAL  |c BD-DhAAL 
100 1 |a Okello, Andrew. 
245 1 0 |a Managing Income Tax Compliance through Self-Assessment /  |c Andrew Okello. 
264 1 |a Washington, D.C. :  |b International Monetary Fund,  |c 2014. 
300 |a 1 online resource (38 pages) 
490 1 |a IMF Working Papers 
500 |a <strong>Off-Campus Access:</strong> No User ID or Password Required 
500 |a <strong>On-Campus Access:</strong> No User ID or Password Required 
506 |a Electronic access restricted to authorized BRAC University faculty, staff and students 
520 3 |a Modern tax administrations seek to optimize tax collections while minimizing administration costs and taxpayer compliance costs. Experience shows that voluntary compliance is best achieved through a system of self-assessment. Many tax administrations have introduced self-assessment principles in the income tax law but the legal authority is not being consistently applied. They continue to rely heavily on 'desk' auditing a majority of tax returns, while risk management practices remain largely underdeveloped and/or underutilized. There is also plenty of opportunity in many countries to enhance the design and delivery of client-focused taxpayer service programs, and better engage with the private sector and other stakeholders. 
538 |a Mode of access: Internet 
830 0 |a IMF Working Papers; Working Paper ;  |v No. 2014/041 
856 4 0 |z Full text available on IMF  |u http://elibrary.imf.org/view/journals/001/2014/041/001.2014.issue-041-en.xml  |z IMF e-Library